[Event "4NCL Online Division 3"]
[Site "online"]
[Date "2020.11.17"]
[Round "7.61"]
[White "Merriman, James"]
[Black "Pye, David E"]
[Result "1/2-1/2"]
[WhiteElo "2005"]
[BlackElo "2117"]
[PlyCount "83"]
[EventDate "2020.11.17"]
[WhiteTeam "Kent KJCA Kestrels C"]
[BlackTeam "Wessex Some Stars B"]

1. d4 Nc6 2. d5 Ne5 3. f4 Ng6 4. e4 e5 5. dxe6 dxe6 6. Qxd8+ Kxd8 7. Nf3 Bc5 8.
Nc3 Nf6 9. e5 Ng4 10. Ne4 Be3 11. Bxe3 Nxe3 12. Kd2 Nd5 13. g3 Ke7 14. c4 Nb4
15. Kc3 a5 16. a3 Rd8 17. Be2 Nc6 18. Rad1 Rxd1 19. Rxd1 b6 20. h4 h6 21. h5
Nf8 22. g4 Bb7 23. Bd3 Rd8 24. b4 axb4+ 25. axb4 Nxb4 26. Kxb4 Bxe4 27. Be2
Rxd1 28. Bxd1 Nd7 29. Nd2 Nc5 30. Nxe4 Nxe4 31. Bf3 Nc5 32. Kc3 f6 33. Bg2 Kd7
34. exf6 gxf6 35. g5 Ke7 36. g6 f5 37. Kd4 Kf6 38. Kc3 Nd7 39. Bc6 Nc5 40. Bg2
Nd7 41. Bc6 Nb8 42. Bb7 1/2-1/2

[Event "4NCL Online Division 3"]
[Site "online"]
[Date "2020.11.17"]
[Round "7.62"]
[White "Pleasants, Allan J"]
[Black "Verma, Shlok"]
[Result "1/2-1/2"]
[WhiteElo "2110"]
[BlackElo "1945"]
[PlyCount "39"]
[EventDate "2020.11.17"]
[WhiteTeam "Wessex Some Stars B"]
[BlackTeam "Kent KJCA Kestrels C"]

1. e4 e6 2. d4 d5 3. Nd2 dxe4 4. Nxe4 Nd7 5. Nf3 Ngf6 6. Bd3 Nxe4 7. Bxe4 Nf6
8. Bd3 c5 9. O-O Be7 10. Re1 O-O 11. c3 b6 12. Bf4 Bb7 13. Be5 Rc8 14. Qe2 Nd7
15. Rad1 Nxe5 16. dxe5 Qc7 17. Be4 Rfd8 18. Bxb7 Qxb7 19. c4 h6 20. h3 1/2-1/2

[Event "4NCL Online Division 3"]
[Site "online"]
[Date "2020.11.17"]
[Round "7.63"]
[White "Salimu, Reuben"]
[Black "Tunks, Dominic R"]
[Result "0-1"]
[WhiteElo "1901"]
[BlackElo "2012"]
[PlyCount "48"]
[EventDate "2020.11.17"]
[WhiteTeam "Kent KJCA Kestrels C"]
[BlackTeam "Wessex Some Stars B"]

1. d4 d6 2. e4 Nf6 3. Nc3 Nbd7 4. Nf3 e5 5. Bc4 h6 6. Be3 Be7 7. h3 c6 8. a4
Qc7 9. O-O O-O 10. Qd2 exd4 11. Nxd4 Nc5 12. f3 a5 13. Rad1 Qb6 14. Nb3 Qb4 15.
Bxc5 dxc5 16. Be2 c4 17. Nd4 Bc5 18. e5 Rd8 19. Qf4 Qb6 20. exf6 Rxd4 21. Rxd4
Bxd4+ 22. Kh1 Be6 23. fxg7 Bxg7 24. Bxc4 Qb4 0-1

[Event "4NCL Online Division 3"]
[Site "online"]
[Date "2020.11.17"]
[Round "7.64"]
[White "Anderson, Peter W"]
[Black "Allison, Conrad"]
[Result "0-1"]
[WhiteElo "2050"]
[BlackElo "1837"]
[PlyCount "92"]
[EventDate "2020.11.17"]
[WhiteTeam "Wessex Some Stars B"]
[BlackTeam "Kent KJCA Kestrels C"]

1. d4 Nf6 2. c4 g6 3. Nc3 Bg7 4. e4 d6 5. Nf3 O-O 6. Be2 e5 7. Be3 Ng4 8. Bg5
f6 9. Bh4 Nc6 10. d5 Ne7 11. Nd2 Nh6 12. O-O g5 13. Bg3 Ng6 14. Rc1 Nf4 15. b4
f5 16. exf5 Nxf5 17. Nde4 Nh4 18. Bxh4 gxh4 19. Bf3 Kh8 20. c5 a6 21. b5 dxc5
22. Nxc5 axb5 23. Nxb5 Qg5 24. Ne4 Qg6 25. Kh1 Bf5 26. Re1 c6 27. dxc6 bxc6 28.
Nbc3 Rad8 29. Qc2 Nd3 30. Red1 Nxc1 31. Rxc1 h3 32. Rg1 Rd4 33. Qe2 Qh6 34. g4
Bd7 35. g5 Qg6 36. Qe3 Rf4 37. Nc5 Qf7 38. Rg3 Qc4 39. Nxd7 Rxd7 40. Ne2 Rd3
41. Qb6 Rd1+ 42. Ng1 Rd3 43. Rxh3 Rdxf3 44. Nxf3 Rxf3 45. Qb1 Rxh3 46. Qb8+ Qg8
0-1

[Event "4NCL Online Division 3"]
[Site "online"]
[Date "2020.11.17"]
[Round "7.71"]
[White "McCarthy, Maurice"]
[Black "Lockett, Karl"]
[Result "1-0"]
[WhiteElo "1978"]
[BlackElo "1892"]
[PlyCount "97"]
[EventDate "2020.11.17"]
[WhiteTeam "Morriston Alekhine"]
[BlackTeam "Crewe AOL"]

1. c4 e6 2. Nc3 b6 3. e4 Bb7 4. d4 Bb4 5. Bd3 f5 6. Qe2 Qh4 7. g3 Qe7 8. f3 Nc6
9. Be3 fxe4 10. fxe4 e5 11. d5 Nd4 12. Qg2 Nf6 13. Nge2 Nxe2 14. Qxe2 O-O 15.
Rc1 d6 16. a3 Bc5 17. Bxc5 bxc5 18. h3 Rf7 19. Kd2 Raf8 20. Rcf1 Bc8 21. Kc2
Ne8 22. Rxf7 Qxf7 23. Rf1 Qxf1 24. Qxf1 Rxf1 25. Bxf1 Nf6 26. b4 cxb4 27. axb4
Nh5 28. g4 Nf4 29. Nb5 Bd7 30. Nxc7 Kf7 31. c5 dxc5 32. bxc5 h5 33. c6 Bc8 34.
d6 hxg4 35. hxg4 Bxg4 36. Bc4+ Kf8 37. d7 Ke7 38. Nd5+ Kd8 39. Bb5 Ne6 40. Kc3
Nc7 41. Kc4 Be2+ 42. Kc5 Nxb5 43. Ne3 g5 44. Kd5 Nd4 45. Kd6 Nb5+ 46. Kxe5 a5
47. Nf5 a4 48. Nd6 Bg4 49. Nb7+ 1-0

[Event "4NCL Online Division 3"]
[Site "online"]
[Date "2020.11.17"]
[Round "7.72"]
[White "Renegade, Richard"]
[Black "Bevan, Peter M"]
[Result "0-1"]
[WhiteElo "1795"]
[BlackElo "1855"]
[PlyCount "66"]
[EventDate "2020.11.17"]
[WhiteTeam "Crewe AOL"]
[BlackTeam "Morriston Alekhine"]

1. e4 e5 2. f4 d5 3. exd5 exf4 4. Nf3 Bd6 5. c4 Qe7+ 6. Be2 g5 7. h3 Nh6 8. b4
Bxb4 9. Qa4+ Bd7 10. Qb3 Na6 11. a3 Nc5 12. Qxb4 Nd3+ 13. Kd1 Nxb4 14. axb4 g4
15. Nd4 Qe4 16. Nb5 Bxb5 17. cxb5 Qxg2 18. Re1 O-O 19. hxg4 f3 20. Bb2 fxe2+
21. Rxe2 Qxd5 22. Nc3 Qb3+ 23. Kc1 Rfe8 24. Re4 Rxe4 25. Nxe4 Qc4+ 26. Nc3 Re8
27. Kc2 Nxg4 28. Rxa7 Ne5 29. Rxb7 Qd3+ 30. Kb3 Nf3 31. Rxc7 Nd4+ 32. Ka2 Ra8+
33. Ba3 Qxd2+ 0-1

[Event "4NCL Online Division 3"]
[Site "online"]
[Date "2020.11.17"]
[Round "7.73"]
[White "Howells, Chris"]
[Black "Hulme, David I"]
[Result "1-0"]
[WhiteElo "1767"]
[BlackElo "1866"]
[PlyCount "97"]
[EventDate "2020.11.17"]
[WhiteTeam "Morriston Alekhine"]
[BlackTeam "Crewe AOL"]

1. Nf3 b6 2. e4 Bb7 3. d3 e6 4. Nbd2 Be7 5. g3 Nf6 6. Bg2 c5 7. O-O d6 8. Re1
e5 9. Nf1 h6 10. Ne3 g5 11. Nf5 Nbd7 12. Ng7+ Kf8 13. Nf5 Ke8 14. h4 g4 15. Nh2
h5 16. Nf1 Nf8 17. N1e3 Ng6 18. Nxe7 Nxe7 19. c3 Qd7 20. Qe2 Qe6 21. Nc2 Nc6
22. Bg5 Nh7 23. Bd2 a5 24. Qe3 Ke7 25. d4 Qg6 26. dxc5 bxc5 27. b4 axb4 28.
cxb4 Nd4 29. Nxd4 cxd4 30. Qb3 Rhc8 31. a4 Nf6 32. Bg5 Rc3 33. Qb2 Kd7 34. Bxf6
Qxf6 35. b5 Qe6 36. Ra3 Rxa3 37. Qxa3 Qc4 38. Ra1 d3 39. b6 d2 40. a5 Bxe4 41.
Bxe4 Qxe4 42. Qc3 Qe2 43. b7 d1=Q+ 44. Rxd1 Qxd1+ 45. Kh2 Qe2 46. Kg1 Qd1+ 47.
Kh2 Qe2 48. bxa8=Q Qxf2+ 49. Qg2 1-0

[Event "4NCL Online Division 3"]
[Site "online"]
[Date "2020.11.17"]
[Round "7.74"]
[White "Gardiner, Harry"]
[Black "Marin Marin, Francisco Javier"]
[Result "0-1"]
[WhiteElo "1847"]
[BlackElo "1787"]
[PlyCount "38"]
[EventDate "2020.11.17"]
[WhiteTeam "Crewe AOL"]
[BlackTeam "Morriston Alekhine"]

1. d4 Nf6 2. c4 e6 3. Nf3 d5 4. Bg5 Be7 5. Nc3 O-O 6. e3 Nbd7 7. Bd3 c5 8. cxd5
cxd4 9. d6 Bxd6 10. Nxd4 Be7 11. O-O Nb6 12. Rc1 Bd7 13. Ne4 Nbd5 14. a3 Qb6
15. Qe2 Rac8 16. Nb5 Nxe4 17. Bxe7 Nxe7 18. Bxe4 Bxb5 19. Qh5 g6 0-1

[Event "4NCL Online Division 3"]
[Site "online"]
[Date "2020.11.17"]
[Round "7.91"]
[White "Roberts, Mike"]
[Black "Davies, Neil"]
[Result "1/2-1/2"]
[WhiteElo "2042"]
[BlackElo "1930"]
[PlyCount "67"]
[EventDate "2020.11.17"]
[WhiteTeam "Catford Cosmonauts 2"]
[BlackTeam "Mushrooms 2"]

1. e4 e5 2. Nc3 Nc6 3. Bc4 Nf6 4. d3 Na5 5. Nge2 Be7 6. O-O O-O 7. Ng3 Nxc4 8.
dxc4 d6 9. b3 c6 10. Qf3 Bg4 11. Qd3 Qc7 12. h3 Be6 13. f4 Rad8 14. f5 Bc8 15.
Bg5 h6 16. Bxf6 Bxf6 17. Nh5 Bg5 18. Qg3 f6 19. h4 Bd2 20. Rad1 Bxc3 21. Qxc3
Qf7 22. Qf3 b5 23. cxb5 cxb5 24. Rf2 Bb7 25. Rfd2 Bxe4 26. Qxe4 Qxh5 27. Rd5
Kh7 28. R1d2 Qe8 29. Rxd6 Rxd6 30. Rxd6 Qe7 31. Rd5 a6 32. c4 bxc4 33. bxc4 Rc8
34. Qe2 1/2-1/2

[Event "4NCL Online Division 3"]
[Site "online"]
[Date "2020.11.17"]
[Round "7.92"]
[White "Hortin, Matthew J"]
[Black "Gruau, Martin G"]
[Result "1-0"]
[WhiteElo "1930"]
[BlackElo "2035"]
[PlyCount "101"]
[EventDate "2020.11.17"]
[WhiteTeam "Mushrooms 2"]
[BlackTeam "Catford Cosmonauts 2"]

1. c4 Nf6 2. Nc3 g6 3. d4 Bg7 4. e4 d6 5. f3 O-O 6. Be3 c6 7. Qd2 Nbd7 8. Nge2
e5 9. g4 exd4 10. Nxd4 Ne5 11. Be2 a6 12. O-O-O b5 13. g5 Ne8 14. f4 Nxc4 15.
Bxc4 bxc4 16. Nxc6 Qd7 17. Nb4 Rb8 18. Nbd5 Bb7 19. Bd4 f5 20. Bxg7 Qxg7 21.
exf5 Rxf5 22. Rhe1 Kh8 23. Re7 Qf8 24. Rde1 Bxd5 25. Nxd5 Rf7 26. Qd4+ Ng7 27.
Rxf7 Qxf7 28. Re7 Qf8 29. Rd7 Rd8 30. Rc7 Rc8 31. Rxc4 Qe8 32. Rxc8 Qxc8+ 33.
Nc3 Qc6 34. Qd5 Qxd5 35. Nxd5 Ne6 36. b4 Kg7 37. a4 h6 38. h4 hxg5 39. hxg5 Kf7
40. b5 axb5 41. axb5 Ke8 42. b6 Kd7 43. b7 Nxf4 44. b8=Q Nxd5 45. Qb7+ Ke6 46.
Kd2 Ke5 47. Qb5 Ke4 48. Qd3+ Ke5 49. Qxg6 Nb6 50. Qf6+ Ke4 51. Ke2 1-0

[Event "4NCL Online Division 3"]
[Site "online"]
[Date "2020.11.17"]
[Round "7.93"]
[White "Wood, Peter R"]
[Black "Nash, Richard J"]
[Result "1-0"]
[WhiteElo "1990"]
[BlackElo "1915"]
[PlyCount "105"]
[EventDate "2020.11.17"]
[WhiteTeam "Catford Cosmonauts 2"]
[BlackTeam "Mushrooms 2"]

1. e4 c5 2. Nc3 Nc6 3. g3 g6 4. Bg2 Bg7 5. d3 e6 6. f4 Nge7 7. Nf3 O-O 8. O-O
f5 9. Be3 Nd4 10. e5 Nec6 11. Ne2 Nxe2+ 12. Qxe2 d6 13. c3 Qc7 14. d4 dxe5 15.
dxe5 Ne7 16. Qc4 Nd5 17. Qxc5 Qd7 18. Bf2 b6 19. Qd4 Rd8 20. Rad1 Rb8 21. c4
Nc7 22. Qxd7 Bxd7 23. Nd4 Bf8 24. Nc6 Bxc6 25. Bxc6 Kf7 26. a3 Bc5 27. b4 Bxf2+
28. Kxf2 h6 29. h4 Ke7 30. Ke2 a5 31. b5 Ne8 32. Rxd8 Rxd8 33. Rd1 Rxd1 34.
Kxd1 Ng7 35. Bf3 Kf7 36. Kd2 g5 37. c5 Ke7 38. cxb6 Kd7 39. b7 Kc7 40. hxg5
hxg5 41. fxg5 Ne8 42. Kc3 Ng7 43. Kc4 Ne8 44. Kc5 Ng7 45. b6+ Kb8 46. Kd6 a4
47. Ke7 f4 48. gxf4 Ne8 49. Bg4 Ng7 50. Bxe6 Nxe6 51. Kxe6 Kxb7 52. g6 Kxb6 53.
g7 1-0

[Event "4NCL Online Division 3"]
[Site "online"]
[Date "2020.11.17"]
[Round "7.94"]
[White "Joslin, Tim"]
[Black "Allen, John P"]
[Result "1/2-1/2"]
[WhiteElo "1810"]
[BlackElo "1922"]
[PlyCount "113"]
[EventDate "2020.11.17"]
[WhiteTeam "Mushrooms 2"]
[BlackTeam "Catford Cosmonauts 2"]

1. e4 c5 2. c3 d5 3. exd5 Qxd5 4. d4 Nc6 5. Nf3 e5 6. dxe5 Qxd1+ 7. Kxd1 Bg4 8.
Bf4 Nge7 9. Bd3 O-O-O 10. Kc2 Nd5 11. Bd2 Bxf3 12. gxf3 Nxe5 13. Bf5+ Kc7 14.
Bg5 f6 15. Bh4 Nxf3 16. Bg3+ Bd6 17. Na3 Bxg3 18. hxg3 g6 19. Be4 Ng5 20. Bg2
Rd7 21. Rae1 a6 22. f4 Nf7 23. Nc4 h5 24. Re6 b5 25. Na5 Nd8 26. Bxd5 Rxd5 27.
Rxf6 Re8 28. Rh2 Re6 29. Rxe6 Nxe6 30. Nb3 c4 31. Nd2 Nc5 32. Re2 Rd3 33. Re5
Kd6 34. b3 Rxg3 35. Rxc5 Kxc5 36. Ne4+ Kd5 37. Nxg3 h4 38. Nf1 Ke4 39. Kd2 Kxf4
40. Ke2 g5 41. Kf2 g4 42. bxc4 bxc4 43. Nd2 g3+ 44. Kg2 Ke3 45. Nxc4+ Kd3 46.
Ne5+ Kxc3 47. Kh3 Kb4 48. Kxh4 g2 49. Nf3 Ka3 50. Kg3 g1=Q+ 51. Nxg1 Kxa2 52.
Kf3 a5 53. Ne2 Kb3 54. Ke3 a4 55. Kd2 a3 56. Nc1+ Kb2 57. Kd1 1/2-1/2

[Event "4NCL Online Division 3"]
[Site "online"]
[Date "2020.11.17"]
[Round "7.101"]
[White "Deary, Daniel"]
[Black "Murphy, Sean J"]
[Result "0-1"]
[WhiteElo "1833"]
[BlackElo "1990"]
[PlyCount "168"]
[EventDate "2020.11.17"]
[WhiteTeam "Alba Bon Accord 2"]
[BlackTeam "Cork"]

1. d4 d5 2. c4 c6 3. Nf3 Nf6 4. Nc3 e6 5. cxd5 exd5 6. Bg5 Bf5 7. e3 Nbd7 8.
Bd3 Bxd3 9. Qxd3 Bd6 10. O-O O-O 11. Rab1 a5 12. a3 a4 13. Qc2 Qa5 14. Bh4 Rfe8
15. Qf5 g6 16. Qh3 h5 17. Ng5 Ng4 18. f3 Rxe3 19. Bg3 Bxg3 20. Qxg3 Ngf6 21.
Qf2 Rae8 22. Nge4 Rd3 23. Nd6 Re7 24. Nxb7 Qa7 25. Nc5 Nxc5 26. dxc5 d4 27. Qc2
Rde3 28. Nxa4 Nd5 29. Qc4 d3 30. Rbd1 Re2 31. Rxd3 R7e3 32. Rxe3 Rxg2+ 33. Kh1
Nxe3 34. Qf4 Nd5 35. Qe4 Rd2 36. Qe8+ Kh7 37. Qxc6 Qb8 38. Qd6 Qb3 39. Nc3 Qc4
40. Re1 Qh4 41. Qg3 Rxh2+ 42. Qxh2 Qxe1+ 43. Qg1 Qh4+ 44. Qh2 Qe1+ 45. Kg2 Nxc3
46. bxc3 Qxc3 47. Qd6 Qxa3 48. Qd5 Qb2+ 49. Kg3 Qf6 50. c6 h4+ 51. Kh3 Qf4 52.
Kg2 Qg3+ 53. Kf1 Qf4 54. Qe4 Qg3 55. Qg4 Qd6 56. Qxh4+ Kg7 57. Qe4 Kf8 58. Qc4
Qc7 59. Qb4+ Ke8 60. Qb7 Kd8 61. Qa8+ Ke7 62. Qa3+ Qd6 63. Qa7+ Ke6 64. c7 Qd1+
65. Kf2 Qd2+ 66. Kf1 Qd1+ 67. Kg2 Qd2+ 68. Kf1 Kd7 69. c8=Q+ Kxc8 70. Qxf7 Qc2
71. Qe6+ Kc7 72. Qf7+ Kd6 73. Qf6+ Kd5 74. Qg5+ Kd4 75. Qf4+ Kd5 76. Kg1 Qf5
77. Qxf5+ gxf5 78. Kf2 f4 79. Ke2 Kc4 80. Kf2 Kd3 81. Kg2 Ke2 82. Kg1 Kxf3 83.
Kf1 Ke3 84. Ke1 f3 0-1

[Event "4NCL Online Division 3"]
[Site "online"]
[Date "2020.11.17"]
[Round "7.102"]
[White "Watkins, Mark R"]
[Black "Jennings, Richard"]
[Result "0-1"]
[WhiteElo "1731"]
[BlackElo "1872"]
[PlyCount "70"]
[EventDate "2020.11.17"]
[WhiteTeam "Cork"]
[BlackTeam "Alba Bon Accord 2"]

1. d4 d6 2. Nf3 Nf6 3. c4 Nbd7 4. g3 e5 5. Bg2 Be7 6. O-O O-O 7. Nc3 c6 8. e4
Qc7 9. Be3 a6 10. a4 a5 11. Rc1 Nb8 12. h3 Na6 13. Qb3 Nb4 14. Na2 Nxe4 15.
Nxb4 axb4 16. Qxb4 c5 17. dxc5 dxc5 18. Qb3 Bd7 19. Qc2 Bf5 20. g4 Bg6 21. Qb3
f5 22. Nd2 Nxd2 23. Bd5+ Bf7 24. Bxd2 fxg4 25. hxg4 Bxd5 26. cxd5 Bd6 27. Rc4
Qf7 28. Qd3 h5 29. b3 Qf3 30. Qxf3 Rxf3 31. Be3 hxg4 32. Rxg4 Raf8 33. Kh1 Rxe3
34. Rfg1 Rh3+ 35. Kg2 Rxb3 0-1

[Event "4NCL Online Division 3"]
[Site "online"]
[Date "2020.11.17"]
[Round "7.103"]
[White "Mitchell, Jeremy J"]
[Black "Bradley, Michael"]
[Result "1-0"]
[WhiteElo "1872"]
[BlackElo "1427"]
[PlyCount "123"]
[EventDate "2020.11.17"]
[WhiteTeam "Alba Bon Accord 2"]
[BlackTeam "Cork"]

1. e4 c5 2. c3 d5 3. exd5 Nf6 4. Bb5+ Nbd7 5. c4 a6 6. Ba4 b5 7. cxb5 Nxd5 8.
Nc3 Bb7 9. Nf3 e6 10. O-O Bd6 11. d4 O-O 12. Be3 Nxe3 13. fxe3 Nf6 14. Qe2 Ne4
15. Nxe4 Bxe4 16. Rad1 Qa5 17. Bc2 Bxc2 18. Qxc2 Qxb5 19. Ng5 g6 20. Ne4 Be7
21. Nxc5 Rac8 22. Rc1 a5 23. Qb3 Qe2 24. Rc2 Qg4 25. Rfc1 Rfd8 26. Rc3 Bxc5 27.
dxc5 Rd2 28. Qb7 Rcd8 29. Rf1 R8d7 30. Qf3 Qxf3 31. gxf3 Rxb2 32. Rf2 Rd1+ 33.
Kg2 Rxf2+ 34. Kxf2 Rd8 35. Ke2 Rc8 36. Kd3 Kf8 37. Kc4 Ke7 38. Kb5 Kd7 39. a4
Rb8+ 40. Kxa5 Kc6 41. e4 h5 42. h4 f6 43. f4 Ra8+ 44. Kb4 Rb8+ 45. Kc4 Ra8 46.
Kb4 Rb8+ 47. Ka3 Ra8 48. Rc4 Ra5 49. Kb4 Ra7 50. Rd4 Rb7+ 51. Kc4 Re7 52. Rd6+
Kb7 53. a5 g5 54. Kb5 gxf4 55. a6+ Ka7 56. c6 f3 57. Rd3 Re8 58. Rxf3 Rb8+ 59.
Kc5 Rc8 60. Rxf6 Kxa6 61. Rxe6 Rc7 62. Rh6 1-0

[Event "4NCL Online Division 3"]
[Site "online"]
[Date "2020.11.17"]
[Round "7.104"]
[White "Hamilton, Stewart"]
[Black "Brennan, J Ross"]
[Result "0-1"]
[WhiteElo "1200"]
[BlackElo "1634"]
[PlyCount "46"]
[EventDate "2020.11.17"]
[WhiteTeam "Cork"]
[BlackTeam "Alba Bon Accord 2"]

1. d4 d5 2. h4 Nf6 3. Bf4 e6 4. e3 c5 5. Be2 cxd4 6. Bxb8 Rxb8 7. Qxd4 b6 8.
Nf3 Bd6 9. a3 O-O 10. h5 Qc7 11. Nc3 a6 12. h6 e5 13. Qh4 Be7 14. hxg7 Rd8 15.
Ng5 Bf5 16. g4 Bg6 17. O-O-O Bxa3 18. Bd3 e4 19. bxa3 Qxc3 20. Be2 Rbc8 21. Kb1
Qxc2+ 22. Ka1 Rc3 23. Bc4 Rxa3+ 0-1

[Event "4NCL Online Division 3"]
[Site "online"]
[Date "2020.11.17"]
[Round "7.111"]
[White "Dinter, Brian"]
[Black "Khoury, Theo"]
[Result "1-0"]
[WhiteElo "2207"]
[BlackElo "1832"]
[PlyCount "95"]
[EventDate "2020.11.17"]
[WhiteTeam "Stroud Youngies"]
[BlackTeam "CSC 4"]

1. d4 Nf6 2. Bf4 g6 3. e3 Bg7 4. Nf3 O-O 5. h3 c5 6. c3 b6 7. Nbd2 Bb7 8. Be2
d6 9. O-O Nbd7 10. Bh2 Qc7 11. a4 a6 12. Bd3 e5 13. dxe5 Nxe5 14. Nxe5 dxe5 15.
Qe2 Rfd8 16. Rfd1 Qc6 17. f3 Nd5 18. a5 b5 19. c4 bxc4 20. Nxc4 Qe6 21. Be4 f5
22. Bxd5 Bxd5 23. Nb6 Ra7 24. e4 fxe4 25. fxe4 Rf8 26. Rxd5 Qe7 27. Qc4 Kh8 28.
Rad1 Qf7 29. Rf1 Qg8 30. Rxf8 Qxf8 31. Bxe5 Bxe5 32. Rxe5 Rf7 33. Rxc5 Kg7 34.
b4 Qd6 35. Nd5 Qg3 36. Qc3+ Qxc3 37. Rxc3 Rf8 38. Rc7+ Kh6 39. Ra7 Re8 40. Nf6
Re6 41. Rxh7+ Kg5 42. Ng4 Rxe4 43. Rb7 Kf4 44. Kh2 Rc4 45. Rb6 g5 46. Nf6 Ke5
47. Nd7+ Kd5 48. Nb8 1-0

[Event "4NCL Online Division 3"]
[Site "online"]
[Date "2020.11.17"]
[Round "7.112"]
[White "Kumar, Soham"]
[Black "Dicks, Duncan"]
[Result "1-0"]
[WhiteElo "1862"]
[BlackElo "2125"]
[PlyCount "67"]
[EventDate "2020.11.17"]
[WhiteTeam "CSC 4"]
[BlackTeam "Stroud Youngies"]

1. e4 c5 2. Nf3 d6 3. d4 cxd4 4. Nxd4 Nf6 5. Nc3 Nc6 6. Bb5 Bd7 7. O-O g6 8.
Be3 Bg7 9. f3 O-O 10. Be2 a6 11. a4 Rc8 12. Qd2 Re8 13. Rad1 Ne5 14. Nb3 Nc4
15. Bxc4 Rxc4 16. a5 Qc8 17. Rf2 Be6 18. Bb6 Nd7 19. Bd4 Ne5 20. f4 Ng4 21.
Bxg7 Nxf2 22. Qxf2 Kxg7 23. f5 Bd7 24. Nd5 Rxc2 25. f6+ Kh8 26. Qh4 Bg4 27. Rf1
Bh5 28. fxe7 Qe6 29. Nd4 Rxg2+ 30. Kxg2 g5 31. Nxe6 gxh4 32. Nec7 Rg8+ 33. Kh1
f5 34. Nf6 1-0

[Event "4NCL Online Division 3"]
[Site "online"]
[Date "2020.11.17"]
[Round "7.113"]
[White "Southcott-Moyers, Indy"]
[Black "Lawson, David"]
[Result "1-0"]
[WhiteElo "1667"]
[BlackElo "1765"]
[PlyCount "113"]
[EventDate "2020.11.17"]
[WhiteTeam "Stroud Youngies"]
[BlackTeam "CSC 4"]

1. d4 Nf6 2. c4 g6 3. Nc3 Bg7 4. e4 d6 5. Nf3 O-O 6. Be2 Nbd7 7. O-O e5 8. Re1
b6 9. Bf1 Re8 10. h3 Bb7 11. d5 a5 12. Be3 Nc5 13. Bxc5 bxc5 14. Nh2 Nh5 15.
Ng4 Bc8 16. g3 Nf6 17. Ne3 Bd7 18. Bg2 Rb8 19. b3 Qc8 20. Kh2 Rf8 21. Rc1 Ne8
22. f4 exf4 23. gxf4 Qd8 24. Qf3 Qh4 25. Ne2 f5 26. exf5 Bxf5 27. Nxf5 Rxf5 28.
Qg4 Qf2 29. Rf1 Qe3 30. Ng3 Nf6 31. Qf3 Qxf3 32. Rxf3 Re8 33. Nxf5 gxf5 34. Rc2
Bh6 35. Bf1 Nh5 36. Bd3 Bxf4+ 37. Kg2 Rf8 38. Rcf2 Be5 39. Rxf5 Nf4+ 40. Kf1
Rxf5 41. Bxf5 h6 42. Ke1 Kg7 43. Kd2 Kf6 44. Bc8 Kg5 45. Rf3 h5 46. Ke3 h4 47.
Ke4 Ne2 48. Rf5+ Kg6 49. Rxe5 dxe5 50. Kxe5 Nd4 51. d6 cxd6+ 52. Kxd6 Kg5 53.
Kxc5 Nf3 54. Kb5 Kf4 55. c5 Kg3 56. c6 Ng5 57. c7 1-0

[Event "4NCL Online Division 3"]
[Site "online"]
[Date "2020.11.17"]
[Round "7.114"]
[White "Usher, Michael E"]
[Black "Carey, Alex"]
[Result "1-0"]
[WhiteElo "1677"]
[BlackElo "1630"]
[PlyCount "79"]
[EventDate "2020.11.17"]
[WhiteTeam "CSC 4"]
[BlackTeam "Stroud Youngies"]

1. Nf3 d5 2. d4 Nf6 3. e3 c5 4. b3 Nc6 5. Bb2 Bf5 6. Be2 h6 7. O-O e6 8. Bb5
Bd6 9. dxc5 Bxc5 10. Nd4 Bxd4 11. Bxd4 O-O 12. Bxc6 bxc6 13. Nd2 Ne4 14. Nxe4
Bxe4 15. f4 Kh7 16. Qe2 Rg8 17. c3 Qe7 18. b4 g5 19. fxg5 Qf8 20. Bf6 hxg5 21.
Qh5+ Qh6 22. Qxf7+ Rg7 23. Bxg7 Qxg7 24. Qxe6 Qxc3 25. Rf7+ Kh8 26. Qh6+ Kg8
27. Raf1 Qxe3+ 28. Kh1 Bxg2+ 29. Kxg2 Qe2+ 30. R7f2 Qg4+ 31. Kh1 Qe4+ 32. Rg2
g4 33. Qg5+ Kh8 34. Qh4+ Kg7 35. Qxg4+ Qxg4 36. Rxg4+ Kh6 37. Rf3 Kh5 38. Rgg3
d4 39. Rf7 Kh6 40. Rf4 1-0

[Event "4NCL Online Division 3"]
[Site "online"]
[Date "2020.11.17"]
[Round "7.121"]
[White "Williams, David"]
[Black "Chaplin, Peter E"]
[Result "1/2-1/2"]
[WhiteElo "1900"]
[BlackElo "2020"]
[PlyCount "71"]
[EventDate "2020.11.17"]
[WhiteTeam "Ashfield Anonymous B"]
[BlackTeam "Clevedon"]

1. d4 Nf6 2. Bf4 Nh5 3. Bg5 h6 4. Bh4 g5 5. e3 Ng7 6. Bg3 d6 7. h3 c5 8. c3 Qb6
9. Qb3 Be6 10. Qxb6 axb6 11. a3 Nh5 12. Bh2 Bg7 13. Nd2 Nc6 14. Be2 Nf6 15.
Ngf3 Bf5 16. O-O O-O 17. Rac1 Ne4 18. Nxe4 Bxe4 19. Nd2 Bg6 20. Bf3 Bd3 21.
Rfe1 f5 22. Bd5+ Kh8 23. Bc4 Bxc4 24. Nxc4 Ra6 25. Rcd1 cxd4 26. exd4 f4 27. f3
b5 28. Nd2 d5 29. Kf1 Kg8 30. Nb3 b6 31. Bg1 Rf6 32. Re2 Kf7 33. Nc1 Re6 34.
Rde1 Rxe2 35. Rxe2 e6 36. Nd3 1/2-1/2

[Event "4NCL Online Division 3"]
[Site "online"]
[Date "2020.11.17"]
[Round "7.122"]
[White "Peters, David"]
[Black "Combie, Alex B"]
[Result "1/2-1/2"]
[WhiteElo "1795"]
[BlackElo "1885"]
[PlyCount "39"]
[EventDate "2020.11.17"]
[WhiteTeam "Clevedon"]
[BlackTeam "Ashfield Anonymous B"]

1. e4 c5 2. g3 g6 3. Bg2 Bg7 4. Ne2 Nc6 5. d3 e5 6. c4 Nge7 7. O-O O-O 8. Nbc3
d6 9. f4 f5 10. Be3 Nd4 11. Nd5 Nec6 12. Nxd4 Nxd4 13. Bxd4 cxd4 14. Qb3 Kh8
15. Rae1 Qa5 16. Qc2 Be6 17. b4 Qd8 18. exf5 gxf5 19. Qe2 Bxd5 20. Bxd5 1/2-1/2

[Event "4NCL Online Division 3"]
[Site "online"]
[Date "2020.11.17"]
[Round "7.123"]
[White "Sudar, Dragoljub"]
[Black "Lintern, Jack"]
[Result "1-0"]
[WhiteElo "1915"]
[BlackElo "1800"]
[PlyCount "83"]
[EventDate "2020.11.17"]
[WhiteTeam "Ashfield Anonymous B"]
[BlackTeam "Clevedon"]

1. e4 c5 2. Nc3 Nc6 3. f4 e6 4. Nf3 g6 5. Bb5 Nd4 6. O-O a6 7. Be2 Bg7 8. d3
Nf6 9. h3 O-O 10. Be3 Nh5 11. Kh2 d5 12. e5 Nxf3+ 13. Bxf3 d4 14. g4 dxe3 15.
gxh5 Qh4 16. Bg2 f6 17. Ne4 fxe5 18. hxg6 hxg6 19. Nxc5 exf4 20. d4 Rb8 21. c3
b6 22. Qb3 Qg3+ 23. Kh1 Kf7 24. Rf3 Qg5 25. Ne4 Qh4 26. Nd6+ Ke7 27. Nxc8+
Rfxc8 28. Qa3+ Kf7 29. Qxa6 b5 30. Qd6 e2 31. Rxf4+ Bf6 32. Rxh4 Bxh4 33. Qf4+
Bf6 34. Re1 g5 35. Qe4 Rh8 36. Rxe2 Rbe8 37. Rf2 Kg7 38. Qb7+ Re7 39. Qxb5 g4
40. Rxf6 Kxf6 41. Qe5+ Kf7 42. Qxh8 1-0

[Event "4NCL Online Division 3"]
[Site "online"]
[Date "2020.11.17"]
[Round "7.124"]
[White "Chindelevitch, Leonid"]
[Black "Graham, Neil"]
[Result "0-1"]
[WhiteElo "1810"]
[BlackElo "1847"]
[PlyCount "52"]
[EventDate "2020.11.17"]
[WhiteTeam "Clevedon"]
[BlackTeam "Ashfield Anonymous B"]

1. e4 e5 2. d4 exd4 3. c3 d5 4. exd5 Qxd5 5. cxd4 Nc6 6. Nf3 Bg4 7. Be3 Bb4+ 8.
Nc3 Bxf3 9. gxf3 O-O-O 10. Bh3+ Kb8 11. O-O Qh5 12. Bg4 Qg6 13. Kh1 f5 14. Bh3
Qh5 15. Bg2 f4 16. Bxf4 Rxd4 17. Qc1 Rxf4 18. Ne4 Rh4 19. Ng3 Rxh2+ 20. Kg1 Qh6
21. Qc4 Rh4 22. Qb3 Nge7 23. Rfc1 Nd4 24. Qd3 Qg6 25. Ne4 Nec6 26. Kf1 Rh2 0-1

[Event "4NCL Online Division 3"]
[Site "online"]
[Date "2020.11.17"]
[Round "7.131"]
[White "Phillips, Owen S"]
[Black "Freeman, Richard C P"]
[Result "1/2-1/2"]
[WhiteElo "1871"]
[BlackElo "2016"]
[PlyCount "65"]
[EventDate "2020.11.17"]
[WhiteTeam "Streatham B"]
[BlackTeam "MK Phoenix 2"]

1. e4 c5 2. b3 Nc6 3. Bb2 d6 4. g3 Nf6 5. Bg2 g6 6. f3 Bg7 7. Nh3 O-O 8. Nf2
Nxe4 9. Bxg7 Nxf2 10. Kxf2 Kxg7 11. d3 d5 12. h4 h5 13. Qd2 e5 14. a3 Be6 15.
Nc3 f5 16. Ne2 Nd4 17. Rae1 Qf6 18. b4 b6 19. bxc5 bxc5 20. Qa5 Nxc2 21. Rb1 e4
22. Rb7+ Rf7 23. Rxf7+ Bxf7 24. dxe4 fxe4 25. Qxc5 exf3 26. Bxf3 Qb6 27. Qxb6
axb6 28. Rc1 Nxa3 29. Rc7 Rd8 30. Nd4 Kf8 31. Rb7 Nc4 32. Nc6 Re8 33. Rxf7+
1/2-1/2